Guess the Country from Its National Dish - Statistics

General Stats
  • This quiz has been taken 72 times
  • The average score is 5 of 9
Answer Stats
Picture Answer % Correct
United States of America
97%
Japan
75%
Spain
73%
Canada
64%
France
59%
Thailand
59%
Russia
52%
Brazil
41%
Nigeria
27%
No matching quizzes found
Score Distribution
Percent of People with Each Score
Percentile by Number Answered
Your Score History
You have not taken this quiz